000
00298 a2200109 4500
001
ART_33060
005
20260410161926.0
008
260409a
245
1
0
_a
Fundamentals del tipo de cambio
100
1
_a
Terré, Emilce F.
773
0
_t
Lecturas
_g
- Nº 11 (ene. 2008)
_w
REV19328
999
_c
28192
_d
28192